[Event "ESP-ch Amateurs U2000"]
[Site "Murcia"]
[Date "2022.09.03"]
[Round "7.8"]
[White "Tarraga Navarro, Pablo"]
[Black "Aledo Yanguas, David"]
[Result "0-1"]
[WhiteElo "1960"]
[BlackElo "1911"]
[PlyCount "101"]
[EventDate "2022.08.30"]
[EventType "swiss"]
[EventRounds "7"]
[EventCountry "ESP"]
[SourceTitle "EXT 2024"]
[Source "ChessBase"]
[SourceDate "2023.10.10"]
[SourceVersion "1"]
[SourceVersionDate "2023.10.10"]
[SourceQuality "1"]

1. d4 Nf6 2. Nc3 e6 3. e4 d5 4. e5 Nfd7 5. f4 c5 6. Nf3 Nc6 7. Be3 a6 8. Qd2 b5 9. h4 c4 10. h5 b4 11. Na4 Qa5 12. b3 f5 13. Ng5 Nd8 14. Be2 h6 15. Nf3 Bb7 16. Nh4 Bc6 17. Ng6 Rg8 18. Nxf8 Rxf8 19. a3 c3 20. Qc1 Bb5 21. axb4 Qxb4 22. Qa3 Nc6 23. Kf2 Bxe2 24. Kxe2 Nxd4+ 25. Kd3 Nxc2 26. Qxb4 Nxb4+ 27. Kxc3 a5 28. Rhc1 Kf7 29. Kd2 Rfc8 30. g3 Rab8 31. Ba7 Rxc1 32. Rxc1 Rb7 33. Bd4 Nb8 34. Rc8 N8c6 35. Bc5 Ne7 36. Ra8 Nbc6 37. Nb6 g6 38. hxg6+ Kxg6 39. Rf8 Kg7 40. Re8 h5 41. Kc3 Kf7 42. Rh8 Kg6 43. Rf8 Kg7 44. Re8 Kf7 45. Rh8 Kg6 46. Rf8 Kg7 47. Rf6 Nd8 48. b4 d4+ 49. Kxd4 axb4 50. Kc4 b3 51. Na4 0-1

[Event "Almansa op-B"]
[Site "Almansa"]
[Date "2022.08.10"]
[Round "1"]
[White "Tarraga Navarro, Pablo"]
[Black "Vicente Navarro, Juan Manuel"]
[Result "0-1"]
[WhiteElo "1960"]
[BlackElo "1453"]
[PlyCount "80"]
[EventDate "2022.08.10"]
[EventType "swiss"]
[EventRounds "8"]
[EventCountry "ESP"]
[SourceTitle "CBM 210 Extra"]
[Source "ChessBase"]
[SourceDate "2022.11.30"]
[SourceVersion "1"]
[SourceVersionDate "2022.11.30"]
[SourceQuality "1"]

1. e4 c5 2. Nc3 e6 3. g3 d5 4. exd5 exd5 5. Bg2 Nf6 6. d3 Be6 7. Nge2 Be7 8. 0-0 0-0 9. Nf4 Nc6 10. Re1 Qd7 11. Nxe6 fxe6 12. f4 Rae8 13. Ne2 e5 14. fxe5 Nxe5 15. Nf4 Bd8 16. Bd2 Bc7 17. a4 b6 18. b4 c4 19. b5 Kh8 20. Bb4 Bd6 21. Bxd6 Qxd6 22. dxc4 Qc5+ 23. Kh1 Neg4 24. Nd3 Qxc4 25. Qf3 Qxc2 26. Nf4 Ne4 27. Rac1 Nef2+ 28. Kg1 Rxe1+ 29. Rxe1 Qc5 30. h4 Nd3+ 31. Kh1 Ngf2+ 32. Kh2 Nxe1 33. Qh5 Rxf4 34. gxf4 Qf8 35. Qe2 Qxf4+ 36. Kg1 h6 37. Qxe1 Ng4 38. Qe8+ Kh7 39. h5 Qd4+ 40. Kf1 Qf2# 0-1

[Event "Alzira op 2nd"]
[Site "Alzira"]
[Date "2015.08.22"]
[Round "5"]
[White "Tarraga Navarro, Pablo"]
[Black "Gonzalvez Tamarit, Ruben"]
[Result "1/2-1/2"]
[WhiteElo "1781"]
[BlackElo "1929"]
[PlyCount "45"]
[EventDate "2015.08.21"]
[EventType "swiss"]
[EventRounds "7"]
[EventCountry "ESP"]
[SourceTitle "EXT 2016"]
[Source "ChessBase"]
[SourceDate "2015.10.08"]
[SourceVersion "1"]
[SourceVersionDate "2015.10.08"]
[SourceQuality "1"]

1. d4 Nf6 2. c4 e6 3. g3 d5 4. Bg2 c6 5. cxd5 exd5 6. Nf3 Bd6 7. 0-0 0-0 8. Nc3 Bf5 9. Nh4 Qd7 10. Nxf5 Qxf5 11. b3 Nbd7 12. a3 Nb6 13. a4 Rfe8 14. e3 Ne4 15. Nxe4 dxe4 16. Bd2 Nd5 17. Qc2 Qe6 18. Rfc1 Bb4 19. Bxb4 Nxb4 20. Qc4 a5 21. Qxe6 Rxe6 22. Rc5 Nd3 23. Rc3 1/2-1/2